00703nam a2200169Ia 4500001001000000003000500010008004100015010001100056040000900067082002000076110004900096245010600145260004300251300000900294500013600303650009400439Para_2646CHAP220125s1942 xx 000 0 und d a201179 cCHAP aPA-C 632.93 M49 aMéxico. Dirección General de Agricultura aReglamento general para la campaña contra las escamas a piojos escamosos de los cìtricos /c DGA aSan Jacinto, D. F. :b La dirección a7 h. aEncuadernado con: La propagación de la plaga conocida con el nombre de escama roja / México. Dirección General de Agricultura aSanidad vegetal x Colecciones de escritos Sanidad vegetal x Leyes Aunidiella Aurantii